Adult education
Guardat en:
| Autor principal: | |
|---|---|
| Format: | Llibre |
| Idioma: | anglès |
| Publicat: |
Cassell Educational
1990
|
| Etiquetes: |
Afegir etiqueta
Sense etiquetes, Sigues el primer a etiquetar aquest registre!
|
MARC
| LEADER | 00000nam a22000007a 4500 | ||
|---|---|---|---|
| 008 | 211103b ||||| |||| 00| 0 eng d | ||
| 020 | |a 0304319554 | ||
| 100 | |a STEPHENS, Michael D. | ||
| 245 | |a Adult education |c Michael D. Stephens |e (Education matters) |g ix,132p.:ill. | ||
| 260 | |b Cassell Educational |c 1990 |h London |i 266548 |l LC5256.G7St4 |m Adult education |m Continuing education | ||
| 500 | |a It includes index and references | ||
| 942 | |a lcc |c BK |e Kuteyi M. A. |f 3/11/2021 | ||
| 952 | |0 0 |1 0 |2 lcc |4 0 |6 LC5256 G7 S T4 |7 0 |9 3838 |a HOL |b HOL |c LP |d 2021-11-03 |l 0 |o LC5256.G7St4 |p 2021-67568 |r 2021-11-03 00:00:00 |w 2021-11-03 |y BK | ||
| 999 | |c 1920 |d 1920 | ||